00617 a2200169 4500003000500000005001700005040000900022082001200031100003200043245008600075260003300161300001600194505018000210538003100390650001400421651001200435Nust20170207170526.0 cNust a621.382 aRasheed, Tallataf (MSEE-18) aFuzzy logic based decision control in cognitive radio networkcTallataf Rasheed  aRawalpindibMCS (NUST)c2014 aviii,38,p.; aIntroduction (Page-1) Spectrum sensing techniques (Page-4) Spectrum sensing using fuzzy logic (Page-12) Simulations and analysis (Page-22) Conclusion and future work (Page-33) aAlmirah No. 69 Shelf No. 3 aPG Thesis aMSEE-18